MDQL
is popping MORE tags! Check the
thread
!
Quizzes
Events
Quiz Creation
Community
Videos
Private Events
Remove Ads
Sign In
Join for FREE
Feedback
Dark Mode
Quiz Categories
Sports
Geography
Music
Movies
Television
Just For Fun
Miscellaneous
History
Literature
Language
Science
Gaming
Entertainment
Religion
Holiday
For Kids
Quiz Lab
Recent
Popular Today
Quiz Kudos Today
Editor Picks
Curator Picks
Quizzes by...
Day
Popularity
Type
Ratings
Length
Year
Community
Subscriptions
Recent Discussions
Orange Saloon
Badges
Playlists
Quests
Create
Leaderboards
Showdown
Live 5
Trivia Bingo
Activity
Puzzle Library
Sporcle Events
Private Events
Virtual Trivia
Globe League
Become a Host
Pub Owners
SporcleCon
Opinionation
Our Games
Videos
Blog
Mobile Apps
Partnerships
Remove Ads and Go Orange
Feedback
Miscellaneous
Crossword
General Knowledge
Baby Names
Logo
Food
Cars
Numbers
Grab Bag
University
College
Popular
Company
Slogans
Restaurants
Justice
Letter
Miscellaneous
Crossword
General Knowledge
Baby Names
Logo
Food
Cars
Numbers
Grab Bag
University
College
Popular
Company
Slogans
Restaurants
Justice
Letter
Random Quiz
Search Sporcle
×
Quiz Lab
Quiz Lab
Miscellaneous
Type in answers that appear in a list
Type in answers that appear in a list
Classic
Best Score? Go Orange.
Random Facts #2 Stats
Can you name the Random Facts #2?
By
blazelgstudios
4m
6 Questions
11 Plays
11 Plays
11 Plays
Comments
Comments
Give Quiz Kudos
Give Quiz Kudos
-
- Ratings
hide this ad
Replay
Link that replays current quiz
Next Quiz
Link to next quiz in quiz playlist
You Got
0%
They Got
Avg Score
46%
Avg Friend Score
Upgrade to see
Score Distribution
Jump to the score distribution portion of the page
Score
0/6
Timer
04:00
0
Plays Today
Hint
Answer
% Correct
Capital of Turkey
Ankara
81.8%
Name a country that Uruguay borders
Brazil
81.8%
How many wives did Henry VIII have
3
54.5%
Capital of Fiji
Suva
45.5%
Name the last king of Portugal
Manuel
9.1%
Name the Angolan enclave cut off by the DRC
Cabinda
9.1%
Quiz Playlist
Details
Report
Send in Message
Add To Playlist
Classic:
Type in answers that appear in a list
Last Updated: Oct 3, 2019
Quiz Scoreboard
CHALLENGE
Sign Up to Join the Scoreboard
Show All
Scores
Hide
Comments
May contain spoilers
Recently Published
1-10 Letter E Words III
by El_Dandy
Language
2m
Street Fighter Characters
by Artimus82
Gaming
60s
College Basketball Coaching Resumes
by pancakes188
Sports
9m
More to Explore
Quiz From the Vault
Featured Blog Post
Where Did the Easter Bunny Come From?
hide this ad
You Might Also Like...
Tags
This quiz does not have any tags.
Today's Top Quizzes in Miscellaneous
Browse Miscellaneous
hide this ad
Top Contributed Quizzes in Miscellaneous
1
5-to-1: Fast Food
2
The JOE quick-fire general knowledge quiz: Day 174
3
The JOE quick-fire general knowledge quiz: Day 173
4
5-to-1: Cocktails
5
The JOE quick-fire general knowledge quiz: Day 172
6
9x9 Crossword: Disney Movie Titles
7
9x9 Crossword: Charlie and the Chocolate Factory
8
Sunday Crossword: Famous Bodies of Water
9
9x9 Crossword: Flags
10
The JOE quick-fire general knowledge quiz: Day 171
Explore More
Trending Topics
Kpop
Anime
Disney
Marvel
Harry Potter
Crossword
NBA
Soccer
Country
Puzzle
Pokémon
NFL
Song
The Office
WWE
hide this ad
More By:
blazelgstudios
Quiz
Plays
Rating
Category
Featured
Created
Imagine Dragons Bad liar lyrics
1,239
4.75
Music
Nov 7, 2018
Hearts of Iron IV Trivia
959
5.00
Gaming
Jun 30, 2019
World War 2 nations (Some Colonies)
452
2.33
History
Nov 29, 2017
Guess the songs by lyrics (Multiple Choice)
363
4.00
Music
Oct 1, 2019
Name the bordering countries of Austria Hungary (1914)
356
4.75
History
Jan 21, 2020
Go to Creator's Profile
Score Distribution
Quiz Creator Spotlight
blazelgstudios
Follow
Send a Message
Quizzes Created
-
Created Quiz Play Count
-
More By This Creator
Popular Quizzes Today
1
Find the US States - No Outlines Minefield
2
Find the Countries of Europe - No Outlines Minefield
3
Find the US States
4
The Countries of the World
5
Risky Map Clicking: Biggest States A-Z
6
US States
7
Popular People in 1961
8
Movies - When Are They Set?
More Miscellaneous Quizzes
Say It Like Bill Clinton
Editor's Pick
Trending Quizzes
Risky Map Clicking: Least Populous States A-Z
1-10 Letter G Words
Countries of the World: 200 Million BC
1-10 Letter F Words
Risky Map Clicking: Next State Alphabetically
Recently Updated
Largest US Cities 1790-2010
pecheneg
Rides in Walt Disney World
pecheneg
Most Oscar Losses (Acting)
pecheneg
Beyoncé Albums
pecheneg
Leaping Animals
pecheneg
Reality TV Shows (A-Z)
bhenderson79
Rickey Henderson's Hall of Fame Teammates
pecheneg
Champions League XIs: Arsenal
pecheneg
Quick Pick: Celebrities in WWE's Hall of Fame
aduchscher
A-Z Keypad Blitz II
pecheneg
Trending Topics
Crossword
Kpop
Disney
NBA
Harry Potter
Marvel
Anime
Song
Puzzle
WWE
NFL
Pokémon
The Office
Country
Soccer
Your Account Isn't Verified!
In order to create a playlist on Sporcle, you need to verify the email address you used during registration. Go to your
Sporcle Settings
to finish the process.
Report this User
Report this user for behavior that violates our
Community Guidelines
.
Details:
Send Report
Go to the Sporcle.com Mobile Site →
Comments